Electricity shortage could halt Thames gateway (Record no. 72925)

MARC details
000 -LEADER
fixed length control field 01073cam a2200217 4500
001 - CONTROL NUMBER
control field X122745
008 - FIXED-LENGTH DATA ELEMENTS--GENERAL INFORMATION
fixed length control field 030625n2003 000 0 eng u
035 ## - SYSTEM CONTROL NUMBER
System control number (Sirsi) u122745
100 ## - MAIN ENTRY--PERSONAL NAME
Personal name Macdonald, S.
245 ## - TITLE STATEMENT
Title Electricity shortage could halt Thames gateway
260 ## - PUBLICATION, DISTRIBUTION, ETC.
Date of publication, distribution, etc. 2003
490 ## - SERIES STATEMENT
Series statement Housing Today
Volume/sequential designation (334) 23 May 2003, 7(1)
520 ## - SUMMARY, ETC.
Summary, etc. Suggests that electricity supply problems might hinder the construction of the 200 000 new communities plan homes earmarked for the Thames Gateway. Developers are struggling to strike affordable deals with electricity suppliers demand. A comprehensive review of utility demands in this area is needed and investment by the suppliers. A government response to this issue will be released in the early summer after discussion by the Thames Gateway cabinet committee led by the Prime Minister.
590 ## - LOCAL NOTE (RLIN)
Local note ABS
650 ## - SUBJECT ADDED ENTRY--TOPICAL TERM
Topical term or geographic name entry element SUSTAINABLE COMMUNITIES: BUILDING FOR THE FUTURE
650 ## - SUBJECT ADDED ENTRY--TOPICAL TERM
Topical term or geographic name entry element THAMES GATEWAY
650 ## - SUBJECT ADDED ENTRY--TOPICAL TERM
Topical term or geographic name entry element ELECTRICITY SUPPLY
650 ## - SUBJECT ADDED ENTRY--TOPICAL TERM
Topical term or geographic name entry element Utilities
9 (RLIN) 6272
690 ## - LOCAL SUBJECT ADDED ENTRY--TOPICAL TERM (OCLC, RLIN)
Topical term or geographic name as entry element HOUSING-DEVELOPMENT
942 ## - ADDED ENTRY ELEMENTS (KOHA)
Suppress in OPAC 0
Holdings
Withdrawn status Lost status Source of classification or shelving scheme Damaged status Not for loan Home library Current library Shelving location Date acquired Total Checkouts Full call number Barcode Date last seen Copy number Price effective from Koha item type
    Dewey Decimal Classification     London London Journal article 25/06/2003   X122745 122745-1001 06/08/2019 1 06/08/2019 Journal article